书目信息 |
| 题名: |
朗氏德汉双解大词典
|
|
| 作者: | 叶本度 , 刘晫星 编译 | |
| 分册: | ||
| 出版信息: | 北京 外语教学与研究出版社 2011.04 |
|
| 页数: | 64,2197页 | |
| 开本: | 21cm | |
| 丛书名: | ||
| 单 册: | ||
| 中图分类: | H336 | |
| 科图分类: | ||
| 主题词: | 德语 , 双解词典 , 德语--汉语--双解词典 , 汉语 | |
| 电子资源: | ||
| ISBN: | 978-7-5600-8943-0 | |
| 000 | 01096nam0 2200313 450 | |
| 001 | 297538 | |
| 005 | 20110901134350.50 | |
| 010 | @a978-7-5600-8943-0@b精装@dCNY118.00 | |
| 100 | @a20110507d2011 emky0chiy50 ea | |
| 101 | 2 | @achi@ager |
| 102 | @aCN@b110000 | |
| 105 | @ay e 000yy | |
| 106 | @ar | |
| 200 | 1 | @a朗氏德汉双解大词典@Alang shi de han shuang jie da ci dian@dLangenscheidt grobworterbuch deutsch als fremdsprache (Deutsch-Chinesisch)@f叶本度,刘晫星编译@zger |
| 205 | @a修订版 | |
| 210 | @a北京@c外语教学与研究出版社@d2011.04 | |
| 215 | @a64,2197页@d21cm | |
| 330 | @a本词典收录词目约66000条,选词广泛,此外反映时代发展、社会变革、青年行为等等的新词语、新概念在词典中也有较明显的体现。 | |
| 510 | 1 | @aLangenscheidt grobworterbuch deutsch als fremdsprache (Deutsch-Chinesisch)@zger |
| 586 | @a | |
| 606 | 0 | @a德语 |
| 606 | 0 | @a双解词典 |
| 606 | 0 | @a德语@x汉语@j双解词典 |
| 606 | 0 | @a汉语 |
| 690 | @aH336@v5 | |
| 701 | 0 | @a叶本度@f(1935~)@Aye ben du@4编译 |
| 701 | 0 | @a刘晫星@f(1935~)@Aliu zhuo xing@4编译 |
| 801 | 0 | @aCN@c20110610 |
| 905 | @dH336@eY4161 | |
| 朗氏德汉双解大词典=Langenscheidt grobworterbuch deutsch als fremdsprache (Deutsch-Chinesisch)/叶本度,刘晫星编译.-修订版.-北京:外语教学与研究出版社,2011.04 |
| 64,2197页;21cm |
| ISBN 978-7-5600-8943-0(精装):CNY118.00 |
| 本词典收录词目约66000条,选词广泛,此外反映时代发展、社会变革、青年行为等等的新词语、新概念在词典中也有较明显的体现。 |
| ● |
| 相关链接 |
|
|
|
正题名:朗氏德汉双解大词典
索取号:H336/Y4161
 
预约/预借
| 序号 | 登录号 | 条形码 | 馆藏地/架位号 | 状态 | 备注 |
| 1 | 1015543 | 210155437 | 语言库209/209语言库 119排2列5层/ [索取号:H336/Y4161] | 在馆 | |
| 2 | 1015544 | 210155446 | 语言库209/209语言库 119排2列5层/ [索取号:H336/Y4161] | 在馆 |